000 04301nam a22005897a 4500
001 DVD-007351-359
005 20110824135915.0
006 a|||||r|||||00| 0
007 vd bvaizu
008 091030s2008 ii 137 g vleng
010 _aDVD-007351-359
024 _a14/Z36 Y25241
_c599.00
035 _aDVD-007351-359
040 _aDLC
_cDLC
_dDLC
_eamim
082 _aDVD / HANG
245 0 0 _aThe hangover /
_cProduced by Warner Bros, directed by Tood Philips; music by Christophe Beck
257 _aIndia.
260 _aMumbai :
_bReliance Big Entertainment,
260 _bWarner Bros. Entertainment
_cc2009
300 _a1 videodisc of 1 (DVD) : (94 min.)
_bsd., b&w ;
_c4 3/4 in.
_3viewing copy.
440 _933466
500 _aCopyright notice on container: Moser baer
500 _aOriginally released theatrically in 1967.
500 _aSummary taken from IMDB.com.
511 1 _aZach Galifianakis, Bradley Cooper and Justin Bartha
520 _aAngelenos Doug Billings and Tracy Garner are about to get married. Two days before the wedding, the four men in the wedding party - Doug, Doug's two best buddies Phil Wenneck and Stu Price, and Tracy's brother Alan Garner - hop into Tracy's father's beloved Mercedes convertible for a 24-hour stag party to Las Vegas. Phil, a married high school teacher, has the same maturity level as his students when he's with his pals. Stu, a dentist, is worried about everything, especially what his controlling girlfriend Melissa thinks. Because she disapproves of traditional male bonding rituals, Stu has to lie to her about the stag, he telling her that they are going on a wine tasting tour in the Napa Valley. Regardless, he intends on eventually marrying her, against the advice and wishes of his friends. And Alan seems to be unaware of what are considered the social graces of the western world...
538 _aDual Layer format, Colour, Widescreen 2.40:1, 5.1 Dolby digital
546 _aEnglish
650 0 _aCommedy
_vDrama.
_933467
650 0 _aCrime
_vDrama.
_933469
700 1 _aTodd Phillips.,
_edirection.
_933470
700 1 _aWarner Bros. Pictures
_eproduction.
_933471
700 1 _aChristophe Beck
_emusic.
_933472
700 1 _aLawrence Sher
_edirector of photography
_933634
700 1 _aJon Lucas
_eStory
_933526
700 1 _aDebra Neil-Fisher
_eediting
_933635
700 1 _aScott Moore
_eStory
_933505
710 2 _aReliance Big Entertainment (Mumbai, India)
_933473
856 _uhttp://www.imdb.com/title/tt1119646/
942 _2ddc
_cCF
_hDVD
_mHANG
999 _c55957
_d55957